Drying cereal grains /
Guardado en:
| Autor Principal: | |
|---|---|
| Otros Autores: | , |
| Formato: | Libro |
| Idioma: | English |
| Publicado: |
Westport, Conn. :
AVI Pub. Co.,
1974.
|
| Materias: | |
| Etiquetas: |
Agregar Etiqueta
Sin Etiquetas, Sea el primero en etiquetar este registro!
|
| LEADER | 00805cam a22002535a 4500 | ||
|---|---|---|---|
| 001 | EIQ.libpla003388 | ||
| 008 | 740919s1974####ctua#####b####001#0#eng#d | ||
| 005 | 20071227175123.0 | ||
| 245 | 1 | 0 | |a Drying cereal grains / |c by Donald B. Brooker, Fred W. Bakker-Arkema and Carl W. Hall. |
| 260 | |a Westport, Conn. : |b AVI Pub. Co., |c 1974. | ||
| 300 | |a vi, 265 p. [2] h. de láms. : |b il. ; |c 24 cm. | ||
| 504 | |a Bibliografía: p. 260. | ||
| 020 | |a 0870551612 | ||
| 100 | 1 | |a Brooker, Donald B. | |
| 700 | 1 | |a Bakker-Arkema, F. W. | |
| 700 | 1 | |a Hall, Carl W. | |
| 082 | 0 | 0 | |a 633/.1/046 |
| 650 | 4 | |a Grano |x Secado. | |
| 650 | 4 | |a Cereales |x Secado. | |
| 650 | 0 | |a Grain |x Drying. | |
| 650 | 0 | |a Cereals |x Drying. | |
| 010 | |a 74080600 | ||
| 040 | |a DLC |c DLC |d AR-BbSID | ||
| 859 | |a AR-BbSID |b BIB. PLAPIQUI |h 660.284 |i B 79 |p 3293 | ||
